000 00287nam a22001337a 4500
008 170320b xxu||||| |||| 00| 0 eng d
020 _a9780443038587
041 _aeng
080 _22ND
_a616.8
100 _a7
101 _aSHM
245 _aNEUROPSYCHOLOGY
_cWALSH, K
942 _2udc
_cBK
999 _c8048
_d8048